00541nam a2200169Ia 4500008004100000020001500041041000800056082001600064100001500080245002400095250000600119260006100125300002400186650001200210999001900222952013000241210716s2004 xx 000 0 und d a0070585857 aeng a332.17 KHAM aKhan, M Y. aFinancial services. a4 aNew DelhibTata McGraw Hill Publishing Company Ltdc2004 axxii,16.69,i.7/2008 aFinance c202137d202137 00102ddc40738MBAaAIMITbAIMITd2008-02-08g375.00l0o332.17 KHAMpMBA04703r2025-07-21 00:00:00v300.00w2021-07-16yBK